| 000 | 01450nam a22002777a 4500 | ||
|---|---|---|---|
| 005 | 20081121121856.0 | ||
| 008 | 081121t xxu||||| |||| 00| j hin d | ||
| 010 | _aHIN-85213 | ||
| 020 |
_a8179010163 _c200.00 |
||
| 035 | _aHN-57559 | ||
| 035 | _aB-355831 | ||
| 037 | _bDBAD / PUB | ||
| 040 |
_aDPL _bHN |
||
| 082 | _aक | ||
| 245 |
_aओ. हेनरी की रोचक कहानियाँ / _cभद्रसैन पुरी द्वारा अनुदित |
||
| 246 |
_aO. Henry kii rochaka kahaaniyaan _btranslated by Bhadrasain Puri |
||
| 260 |
_aनई दिल्ली _bसुयोग्य प्रकाशन _c2008 |
||
| 270 |
_aW-116, ग्रेटर कैलाश-1 _bनई दिल्ली _e110048 |
||
| 300 |
_a159पृ _c22सेमी (सजिल्द) |
||
| 650 |
_aलघु कथाएँ, अँग्रेजी _xहिन्दी में अनुवाद |
||
| 650 |
_aShort stories, English _xTranslations into Hindi |
||
| 700 | _aपुरी, भद्रसैन | ||
| 942 |
_2ddc _cHN _mओहेन _hक |
||
| 999 |
_c18995 _d18995 |
||